Zakat : questions & answers
| Main Author: | |
|---|---|
| Format: | Book |
| Published: |
Singapore :
Ze Majeed's Publishing ,
1993
|
| Subjects: |
MARC
| LEADER | 00000cam a2200000 7i4500 | ||
|---|---|---|---|
| 001 | 0000004507 | ||
| 002 | 000004857 | ||
| 005 | 20000330.0 | ||
| 020 | |a 9810026625 | ||
| 090 | 0 | 0 | |a 297.54 |b MAJ |
| 100 | 1 | |a Majeed, F.S.A | |
| 245 | 1 | 0 | |a Zakat : |b questions & answers |c F.S.A.Majeed |
| 255 | |a Vol. 2 | ||
| 260 | |a Singapore : |b Ze Majeed's Publishing , |c 1993 | ||
| 300 | |a 150 p. ; |c 21 cm. | ||
| 650 | 0 | 0 | |a Zakat (Islam) |
| 999 | |a 034586 |b BUKU |c PINJAMAN |e PERPUSTAKAAN KOMUNITI PETALING JAYA | ||